[Event "Interclubs Féminins"]
[Site "Bennwihr"]
[Date "2011.02.11"]
[Round "1.1"]
[White "Uhl, Sarah"]
[Black "Chulivska, Vita"]
[Result "0-1"]
[WhiteElo "1709"]
[BlackElo "2223"]
[PlyCount "136"]
[EventDate "11.??.??"]
[WhiteTeam "Bennwihr"]
[BlackTeam "Vandoeuvre"]

1. e4 c5 2. d4 cxd4 3. c3 dxc3 4. Nxc3 Nc6 5. Bc4 a6 6. Nf3 e6 7. O-O b5 8. Bb3
b4 9. Ne2 Bc5 10. Bf4 Nge7 11. Rc1 Ba7 12. Ng3 O-O 13. Bd6 a5 14. Ba4 Bb7 15.
Qd2 Re8 16. Rfd1 Rc8 17. Ne5 Nxe5 18. Bxe5 Rxc1 19. Rxc1 Nc6 20. Bf4 Bb8 21.
Bxb8 Qxb8 22. Qg5 Qe5 23. Qd2 Qc7 24. Qg5 h6 25. Qd2 Rd8 26. Qc2 Qe5 27. h3 h5
28. Ne2 h4 29. Qd2 Qxe4 30. f3 Qd5 31. Qxd5 exd5 32. Nf4 d4 33. Nd3 Rc8 34. Rc5
d6 35. Rf5 g6 36. Rf4 Ne5 37. Rxd4 Nxd3 38. Rxd3 d5 39. Kf2 Rc1 40. Rd2 Kf8 41.
Bb3 Rc5 42. Rd4 g5 43. g3 hxg3+ 44. Kxg3 Ke7 45. Kg4 f6 46. f4 Bc8+ 47. Kg3 Be6
48. h4 gxh4+ 49. Kxh4 Kd6 50. Kg3 Bf5 51. Kf3 Be4+ 52. Ke3 Rc1 53. Rd2 Rh1 54.
Ke2 Rh4 55. Ke3 Rh3+ 56. Ke2 Kc5 57. Ke1 Rh1+ 58. Ke2 d4 59. Rd1 Rh2+ 60. Ke1
Rxb2 61. Rc1+ Kb5 62. Rc8 a4 63. Bc4+ Kb6 64. Rb8+ Kc5 65. Rc8+ Kb6 66. Rb8+
Kc7 67. Rb5 d3 68. Rc5+ Kb6 0-1

[Event "Interclubs Féminins"]
[Site "Bennwihr"]
[Date "2011.02.11"]
[Round "1.2"]
[White "Congiu, Mathilde"]
[Black "Hild, Aurelia"]
[Result "1-0"]
[WhiteElo "2242"]
[BlackElo "1590"]
[PlyCount "55"]
[EventDate "11.??.??"]
[WhiteTeam "Vandoeuvre"]
[BlackTeam "Bennwihr"]

1. e4 e5 2. Bc4 Nf6 3. d3 Nc6 4. Nf3 Bc5 5. c3 Bb6 6. Nbd2 d6 7. Bb3 Bg4 8. h3
Be6 9. Bc2 O-O 10. Nf1 h6 11. g4 Nh7 12. Ng3 Nb8 13. d4 exd4 14. cxd4 Re8 15.
O-O c6 16. d5 Bd7 17. Qd3 Nf6 18. g5 Bxh3 19. gxf6 Bxf1 20. Kxf1 Qxf6 21. e5
dxe5 22. Qh7+ Kf8 23. Nf5 g5 24. Nxg5 hxg5 25. Bxg5 Qxg5 26. Qh8+ Qg8 27. Qh6+
Qg7 28. Qxg7# 1-0

[Event "Interclubs Féminins"]
[Site "Bennwihr"]
[Date "2011.02.11"]
[Round "1.3"]
[White "Mirete, Rita"]
[Black "Steil-Antoni, Fiona"]
[Result "0-1"]
[WhiteElo "1550"]
[BlackElo "2118"]
[PlyCount "58"]
[EventDate "11.??.??"]
[WhiteTeam "Bennwihr"]
[BlackTeam "Vandoeuvre"]

1. e4 d6 2. d4 Nf6 3. Nc3 Nbd7 4. Bc4 e5 5. f4 exd4 6. Qxd4 c6 7. Qe3 Be7 8.
Nf3 O-O 9. b3 Re8 10. Be2 d5 11. e5 Bc5 12. Qd3 Ng4 13. Nd4 Ndxe5 14. fxe5 Nxe5
15. Qd2 Qh4+ 16. g3 Qxd4 17. Qxd4 Bxd4 18. Bb2 Bg4 19. Rb1 Bxc3+ 20. Bxc3 Nd3+
21. Kd2 Rxe2+ 22. Kxd3 Rae8 23. Bd4 Bf5+ 24. Kc3 Rxc2+ 25. Kb4 Re4 26. Rbd1 c5+
27. Ka3 cxd4 28. Rhe1 Rxe1 29. Rxe1 Kf8 0-1

[Event "Interclubs Féminins"]
[Site "Bennwihr"]
[Date "2011.02.11"]
[Round "1.4"]
[White "Klipper, Rebecca"]
[Black "Bogen, Fanny"]
[Result "1-0"]
[WhiteElo "1978"]
[BlackElo "1497"]
[PlyCount "93"]
[EventDate "11.??.??"]
[WhiteTeam "Vandoeuvre"]
[BlackTeam "Bennwihr"]

1. d4 d5 2. Nf3 Bf5 3. e3 Nd7 4. Bd3 Be4 5. Bxe4 dxe4 6. Nfd2 Ngf6 7. Nc3 e5 8.
Ncxe4 exd4 9. exd4 Qe7 10. O-O O-O-O 11. Nxf6 Nxf6 12. Nf3 h6 13. c3 g5 14. Re1
Qd6 15. Ne5 Qd5 16. Qb3 Rh7 17. Qxd5 Nxd5 18. Bd2 f5 19. Nc4 c5 20. dxc5 Bxc5
21. Rad1 Nf6 22. Be3 Bxe3 23. Rxd8+ Kxd8 24. Rd1+ Rd7 25. Rxd7+ Kxd7 26. Nxe3
f4 27. Nf5 h5 28. f3 Nd5 29. Kf2 g4 30. g3 fxg3+ 31. hxg3 Nf6 32. fxg4 Nxg4+
33. Kf3 Ne5+ 34. Ke4 Nc4 35. b3 Nd2+ 36. Kd3 Nf1 37. Ke2 Nh2 38. Ng7 Kd6 39.
Nxh5 Ke5 40. Nf4 Ke4 41. Nd3 b6 42. Nf2+ Kf5 43. c4 Ke5 44. Kd3 Nf3 45. Ke3 Ne1
46. Nd3+ Nxd3 47. Kxd3 1-0

[Event "Interclubs Féminins"]
[Site "Bennwihr"]
[Date "2011.02.11"]
[Round "1.1"]
[White "Javakhishvili, Lela"]
[Black "Cosma, Elena-Luminita"]
[Result "1-0"]
[WhiteElo "2438"]
[BlackElo "2342"]
[PlyCount "54"]
[EventDate "11.??.??"]
[WhiteTeam "Bischwiller"]
[BlackTeam "Tours de Haute Picardie"]

1. d4 d5 2. c4 c6 3. Nf3 e6 4. e3 Nf6 5. Bd3 dxc4 6. Bxc4 Nbd7 7. O-O Bd6 8.
Re1 O-O 9. e4 e5 10. Bg5 Qc7 11. h3 b5 12. Bf1 Bb7 13. Nbd2 Rfe8 14. Rc1 a6 15.
a4 Qb8 16. dxe5 Bxe5 17. Nxe5 Qxe5 18. f4 Qd4+ 19. Kh1 h6 20. Bh4 Nf8 21. Qc2
c5 22. axb5 axb5 23. Nb3 Qb4 24. Bxf6 Bxe4 25. Qxc5 Qxb3 26. Bc3 Ne6 27. Qxb5
Qxb5 1-0

[Event "Interclubs Féminins"]
[Site "Bennwihr"]
[Date "2011.02.11"]
[Round "1.2"]
[White "Vinckier, Delphine"]
[Black "Maisuradze, Nino"]
[Result "0-1"]
[WhiteElo "1830"]
[BlackElo "2272"]
[PlyCount "78"]
[EventDate "11.??.??"]
[WhiteTeam "Tours de Haute Picardie"]
[BlackTeam "Bischwiller"]

1. e4 c5 2. Nf3 Nc6 3. c3 Nf6 4. Bd3 d6 5. Bc2 Bg4 6. d3 g6 7. h3 Bxf3 8. Qxf3
Bg7 9. O-O Rc8 10. Qe2 O-O 11. Nd2 b5 12. a3 b4 13. Nf3 Nd7 14. Bd2 a5 15. Ba4
Qb6 16. Rab1 Qb7 17. Rfc1 Ndb8 18. Qe3 e5 19. Nh2 Kh8 20. g4 f5 21. gxf5 gxf5
22. exf5 Rxf5 23. Qe4 Rcf8 24. f3 b3 25. Bxc6 Nxc6 26. Rf1 Qd7 27. Ng4 h5 28.
Nh2 Ne7 29. Rf2 Ng6 30. Rg2 d5 31. Qe1 Qf7 32. Qg3 Kh7 33. Kh1 Bf6 34. Rbg1 Rg8
35. Qf2 d4 36. c4 a4 37. Bg5 Bxg5 38. Rxg5 Rxg5 39. Rxg5 Nf4 0-1

[Event "Interclubs Féminins"]
[Site "Bennwihr"]
[Date "2011.02.11"]
[Round "1.3"]
[White "Bertrand, Helene"]
[Black "Pierret, Aralia"]
[Result "1-0"]
[WhiteElo "1896"]
[BlackElo "1760"]
[PlyCount "79"]
[EventDate "11.??.??"]
[WhiteTeam "Bischwiller"]
[BlackTeam "Tours de Haute Picardie"]

1. e4 e5 2. Nf3 Nc6 3. d4 exd4 4. Nxd4 Nxd4 5. Qxd4 d6 6. Nc3 Be6 7. Be2 Nf6 8.
Bg5 Be7 9. O-O O-O 10. Rad1 Re8 11. f4 h6 12. Bh4 Nh7 13. Bxe7 Qxe7 14. Rf3 Qf6
15. e5 dxe5 16. fxe5 Qg5 17. Rg3 Qe7 18. Qf4 Kh8 19. Bd3 Nf8 20. Ne4 Ng6 21.
Qf2 Nxe5 22. Qd4 Ng6 23. h4 Rad8 24. Qf2 Qxh4 25. Rf1 Qe7 26. Qf3 Rd7 27. Qh5
Bd5 28. Nf6 Qc5+ 29. Kh2 Re5 30. Qh3 Rd8 31. Nd7 Be6 32. Nxc5 Bxh3 33. Rxf7
Rxc5 34. Rxg6 Bd7 35. Rgxg7 Rh5+ 36. Kg1 Bc6 37. Rxc7 Re8 38. Rh7+ Kg8 39. Bc4+
Kf8 40. Rh8# 1-0

[Event "Interclubs Féminins"]
[Site "Bennwihr"]
[Date "2011.02.11"]
[Round "1.4"]
[White "Dagnicourt, Marie"]
[Black "Fischer, Julie"]
[Result "0-1"]
[WhiteElo "1290"]
[BlackElo "1788"]
[PlyCount "56"]
[EventDate "11.??.??"]
[WhiteTeam "Tours de Haute Picardie"]
[BlackTeam "Bischwiller"]

1. e4 c5 2. Nf3 e6 3. Nc3 Nc6 4. d4 cxd4 5. Nxd4 Qc7 6. Ndb5 Qb8 7. Be2 Bc5 8.
O-O a6 9. Na3 b5 10. Ncb1 Nf6 11. Bd3 Bb7 12. Re1 O-O 13. c3 Ne5 14. Bf4 Bxf2+
15. Kf1 Bxe1 16. Qxe1 Nxd3 17. Bxb8 Nxe1 18. Kxe1 Raxb8 19. Kf1 Bxe4 20. Nd2 d5
21. Kg1 b4 22. cxb4 Rxb4 23. b3 a5 24. Rc1 a4 25. Nab1 axb3 26. axb3 Bxb1 27.
Rxb1 Ne4 28. Nf3 Rfb8 0-1

[Event "Interclubs Féminins"]
[Site "Bennwihr"]
[Date "2011.02.11"]
[Round "1.1"]
[White "Muzychuk, Anna"]
[Black "Nicoara, Malina"]
[Result "1-0"]
[WhiteElo "2529"]
[BlackElo "2118"]
[PlyCount "61"]
[EventDate "11.??.??"]
[WhiteTeam "Evry Grand Roque"]
[BlackTeam "Strasbourg"]

1. e4 g6 2. d4 Bg7 3. Nc3 c6 4. Nf3 d5 5. h3 Nh6 6. Bf4 O-O 7. Qd2 dxe4 8. Nxe4
Nf5 9. O-O-O Be6 10. c4 Na6 11. Neg5 c5 12. Nxe6 fxe6 13. dxc5 Nxc5 14. Qxd8
Rfxd8 15. Be2 Na4 16. Be5 Bxe5 17. Nxe5 Nd4 18. Rhe1 Rd6 19. Nf3 Rad8 20. Rxd4
Rxd4 21. Nxd4 Rxd4 22. Kc2 Re4 23. f3 Re5 24. b3 Nc5 25. Kd2 a5 26. Rb1 Kf7 27.
a3 Ke8 28. b4 axb4 29. axb4 Na6 30. Bd3 Kd7 31. g4 1-0

[Event "Interclubs Féminins"]
[Site "Bennwihr"]
[Date "2011.02.11"]
[Round "1.2"]
[White "Boyard, Marie"]
[Black "Milliet, Sophie"]
[Result "0-1"]
[WhiteElo "1979"]
[BlackElo "2375"]
[PlyCount "68"]
[EventDate "11.??.??"]
[WhiteTeam "Strasbourg"]
[BlackTeam "Evry Grand Roque"]

1. e4 c5 2. Nf3 e6 3. d3 Nc6 4. g3 d5 5. Nbd2 g6 6. Bg2 Bg7 7. O-O Nge7 8. Qe2
O-O 9. c3 e5 10. Rd1 d4 11. Nb3 b6 12. h3 f6 13. a4 Be6 14. Qc2 Qd7 15. Kh2
Rad8 16. c4 h6 17. a5 f5 18. Nh4 fxe4 19. Bxe4 g5 20. Nf3 Bxh3 21. Qe2 Bg4 22.
Kg2 Rf6 23. axb6 axb6 24. Rh1 Rdf8 25. Bxg5 Rxf3 26. Bxf3 Bxf3+ 27. Qxf3 Rxf3
28. Kxf3 hxg5 29. Nd2 Qf5+ 30. Ke2 Qg4+ 31. f3 Qxg3 32. Rag1 Qf4 33. Nf1 Nb4
34. Rg4 Qc1 0-1

[Event "Interclubs Féminins"]
[Site "Bennwihr"]
[Date "2011.02.11"]
[Round "1.3"]
[White "Roumegous, Marina"]
[Black "Olguin, Monica"]
[Result "1-0"]
[WhiteElo "2146"]
[BlackElo "1870"]
[PlyCount "43"]
[EventDate "11.??.??"]
[WhiteTeam "Evry Grand Roque"]
[BlackTeam "Strasbourg"]

1. d4 d5 2. Nf3 Nf6 3. Bg5 Nbd7 4. Nbd2 h6 5. Bh4 e6 6. e3 Be7 7. Bd3 c5 8. c3
O-O 9. O-O a6 10. Ne5 Nxe5 11. dxe5 Ne8 12. Bxe7 Qxe7 13. f4 b5 14. Qh5 f5 15.
Rf3 Qf7 16. Qh4 Ra7 17. Rg3 Rd7 18. Qxh6 Bb7 19. Rf1 Nc7 20. Nf3 Re8 21. Qh4 g6
22. Qh6 1-0

[Event "Interclubs Féminins"]
[Site "Bennwihr"]
[Date "2011.02.11"]
[Round "1.4"]
[White "Ducarme, Natacha"]
[Black "Huisman, Chloe"]
[Result "0-1"]
[WhiteElo "1390"]
[BlackElo "1992"]
[PlyCount "72"]
[EventDate "11.??.??"]
[WhiteTeam "Strasbourg"]
[BlackTeam "Evry Grand Roque"]

1. e4 d5 2. exd5 Nf6 3. c4 e6 4. d4 exd5 5. Nf3 Qe7+ 6. Qe2 Nc6 7. Qxe7+ Bxe7
8. Nc3 Nb4 9. Kd1 Bg4 10. Be3 O-O-O 11. h3 Bxf3+ 12. gxf3 dxc4 13. Bxc4 Nc6 14.
Ne2 Ne5 15. Rc1 Nxc4 16. Rxc4 Nd5 17. Kc1 Rhe8 18. Nf4 Nxf4 19. Bxf4 Bd6 20.
Be3 Re6 21. Kd2 f5 22. f4 Rde8 23. Rhc1 Re4 24. b3 R8e7 25. a4 Bxf4 26. Bxf4
Rxf4 27. Kc2 Rxf2+ 28. Kb1 Rf3 29. R4c3 Rxc3 30. Rxc3 Re2 31. Kc1 Kd7 32. Rc5
g6 33. Rd5+ Ke7 34. Rc5 Kd6 35. b4 Re3 36. a5 Rxh3 0-1

[Event "Interclubs Féminins"]
[Site "Bennwihr"]
[Date "2011.02.12"]
[Round "2.1"]
[White "Chulivska, Vita"]
[Black "Nicoara, Malina"]
[Result "1-0"]
[WhiteElo "2223"]
[BlackElo "2118"]
[PlyCount "79"]
[EventDate "2011.02.12"]
[WhiteTeam "Vandoeuvre"]
[BlackTeam "Strasbourg"]

1. e4 Nf6 2. e5 Nd5 3. d4 d6 4. Nf3 Nb6 5. Bd3 g6 6. O-O Bg7 7. exd6 cxd6 8. c4
O-O 9. Nc3 Bg4 10. h3 Bxf3 11. Qxf3 Nc6 12. Be3 Bxd4 13. Bxd4 Nxd4 14. Qxb7 e5
15. b3 f5 16. Ne2 Rf7 17. Qa6 Ne6 18. Rad1 Qg5 19. Qa3 Rd8 20. Bc2 Rfd7 21. Qb2
h5 22. Qc3 Kh7 23. a4 Rc7 24. a5 Nc8 25. b4 Nf4 26. Nxf4 Qxf4 27. Bb3 Re8 28.
Rd5 e4 29. Re1 Ne7 30. Rdd1 Nc6 31. Ba4 Rec8 32. Bxc6 Rxc6 33. Qf6 e3 34. Rxe3
R8c7 35. Re7+ Rxe7 36. Qxe7+ Kh6 37. Qf8+ Kh7 38. Re1 Rc7 39. Re7+ Rxe7 40.
Qxe7+ 1-0

[Event "Interclubs Féminins"]
[Site "Bennwihr"]
[Date "2011.02.12"]
[Round "2.2"]
[White "Boyard, Marie"]
[Black "Congiu, Mathilde"]
[Result "0-1"]
[WhiteElo "1979"]
[BlackElo "2242"]
[PlyCount "68"]
[EventDate "2011.02.12"]
[WhiteTeam "Strasbourg"]
[BlackTeam "Vandoeuvre"]

1. e4 e5 2. Nf3 Nc6 3. Bb5 a6 4. Ba4 Nf6 5. Bxc6 dxc6 6. d3 Bg4 7. O-O h6 8. b3
Bc5 9. Bb2 Qe7 10. Nbd2 Nd7 11. Nc4 O-O-O 12. Ne3 h5 13. Qe2 f6 14. h3 Be6 15.
Nh4 Nf8 16. f4 exf4 17. Rxf4 Qd6 18. Raf1 g5 19. Nhf5 Qxf4 20. Rxf4 gxf4 21. d4
Ba7 22. Nc4 Ng6 23. Nd2 Bxf5 24. exf5 Rde8 25. Qf2 Ne7 26. Qxf4 Nd5 27. Qf2
Rhg8 28. Nf3 Nf4 29. Qh4 Nxg2 30. Qxf6 Nf4+ 31. Kf1 Rg3 32. Ne5 Reg8 33. Ng6
Rf3+ 34. Kg1 Rxg6+ 0-1

[Event "Interclubs Féminins"]
[Site "Bennwihr"]
[Date "2011.02.12"]
[Round "2.3"]
[White "Steil-Antoni, Fiona"]
[Black "Roos, Louise"]
[Result "1/2-1/2"]
[WhiteElo "2118"]
[BlackElo "1872"]
[PlyCount "109"]
[EventDate "2011.02.12"]
[WhiteTeam "Vandoeuvre"]
[BlackTeam "Strasbourg"]

1. e4 e6 2. d4 d5 3. Nc3 dxe4 4. Nxe4 Bd7 5. Nf3 Bc6 6. Bd3 Nd7 7. O-O Ngf6 8.
Ng3 Be7 9. c3 O-O 10. Re1 Bxf3 11. Qxf3 c6 12. Bc2 Re8 13. Qd3 Qc7 14. Nh5 Nf8
15. Qh3 Nxh5 16. Qxh5 Bd6 17. Re3 g6 18. Qh4 Bf4 19. Re4 Bxc1 20. Rxc1 Qb6 21.
Bb3 c5 22. Rce1 cxd4 23. cxd4 Qc6 24. Qh6 Red8 25. h4 Qb5 26. R1e3 Rac8 27. Rh3
Qf5 28. Qe3 h5 29. Rf3 Qb5 30. Qf4 Qd7 31. Re5 b6 32. d5 Rc5 33. dxe6 Nxe6 34.
Bxe6 fxe6 35. Rxc5 bxc5 36. Qf6 Kh7 37. g3 c4 38. Kg2 a6 39. Qf7+ Qxf7 40.
Rxf7+ Kg8 41. Rc7 Rd2 42. Rxc4 Rxb2 43. Ra4 Rb6 44. Kf3 Kf7 45. Ke4 Ke7 46. f3
Rc6 47. g4 Rb6 48. Ke5 Rb5+ 49. Kf4 a5 50. g5 e5+ 51. Ke3 Kd6 52. Rc4 Rb2 53.
Ra4 Rb5 54. Rc4 Rb2 55. Ra4 1/2-1/2

[Event "Interclubs Féminins"]
[Site "Bennwihr"]
[Date "2011.02.12"]
[Round "2.4"]
[White "Olguin, Monica"]
[Black "Klipper, Rebecca"]
[Result "0-1"]
[WhiteElo "1870"]
[BlackElo "1978"]
[PlyCount "56"]
[EventDate "2011.02.12"]
[WhiteTeam "Strasbourg"]
[BlackTeam "Vandoeuvre"]

1. e4 c5 2. Nf3 Nc6 3. d4 cxd4 4. Nxd4 g6 5. Nc3 Bg7 6. Be3 Nf6 7. f3 O-O 8.
Qd2 d5 9. Nxc6 bxc6 10. e5 Ne8 11. f4 f6 12. exf6 Nxf6 13. Be2 Bf5 14. Bf3 Ne4
15. Bxe4 dxe4 16. Qe2 Qc8 17. Qc4+ Qe6 18. Qxe6+ Bxe6 19. Nxe4 Bd5 20. Nc3 Bxg2
21. Rg1 Bh3 22. O-O-O Bh6 23. Rg3 Be6 24. Rf1 Bc4 25. Rff3 e5 26. fxe5 Bxe3+
27. Rxe3 Rf1+ 28. Nd1 Rd8 0-1

[Event "Interclubs Féminins"]
[Site "Bennwihr"]
[Date "2011.02.12"]
[Round "2.1"]
[White "Cosma, Elena-Luminita"]
[Black "Muzychuk, Anna"]
[Result "1/2-1/2"]
[WhiteElo "2342"]
[BlackElo "2529"]
[PlyCount "45"]
[EventDate "2011.02.12"]
[WhiteTeam "Tours de Haute Picardie"]
[BlackTeam "Evry Grand Roque"]

1. d4 d5 2. Nf3 c6 3. c4 dxc4 4. e3 Bg4 5. Bxc4 e6 6. h3 Bh5 7. Nc3 Nf6 8. O-O
Nbd7 9. Be2 Be7 10. b3 O-O 11. Bb2 Rc8 12. Rc1 b5 13. Ne5 Bxe2 14. Qxe2 Qb6 15.
Nxd7 Nxd7 16. Rc2 Rc7 17. Rfc1 Rfc8 18. Ne4 a6 19. Qe1 Qb7 20. Qc3 f6 21. Qd3
c5 22. dxc5 Nxc5 23. Nxc5 1/2-1/2

[Event "Interclubs Féminins"]
[Site "Bennwihr"]
[Date "2011.02.12"]
[Round "2.2"]
[White "Guichard, Pauline"]
[Black "Wolfangel, Florence"]
[Result "1-0"]
[WhiteElo "2292"]
[BlackElo "1919"]
[PlyCount "39"]
[EventDate "2011.02.12"]
[WhiteTeam "Evry Grand Roque"]
[BlackTeam "Tours de Haute Picardie"]

1. d4 d5 2. c4 e6 3. Nf3 c5 4. cxd5 exd5 5. g3 Nc6 6. Bg2 cxd4 7. Nxd4 Bb4+ 8.
Nc3 Qa5 9. O-O Bxc3 10. bxc3 Nge7 11. Qb3 O-O 12. Ba3 Nxd4 13. cxd4 Re8 14.
Bxe7 Rxe7 15. Bxd5 Rxe2 16. Bxf7+ Kh8 17. Bc4 Rd2 18. Rfe1 Bh3 19. Re5 Qc7 20.
Qe3 1-0

[Event "Interclubs Féminins"]
[Site "Bennwihr"]
[Date "2011.02.12"]
[Round "2.3"]
[White "Pierret, Aralia"]
[Black "Roumegous, Marina"]
[Result "0-1"]
[WhiteElo "1760"]
[BlackElo "2146"]
[PlyCount "96"]
[EventDate "2011.02.12"]
[WhiteTeam "Tours de Haute Picardie"]
[BlackTeam "Evry Grand Roque"]

1. e4 c6 2. d4 d5 3. exd5 cxd5 4. Bd3 Nc6 5. Ne2 g6 6. c3 Bg7 7. Bf4 Nh6 8. O-O
O-O 9. Ng3 f6 10. h3 Nf7 11. Re1 e5 12. dxe5 fxe5 13. Be3 Re8 14. Qd2 a6 15.
Na3 b5 16. Qc2 Be6 17. Rad1 Rc8 18. Qb1 Qh4 19. Be2 Ne7 20. Nc2 Nc6 21. Bf3
Red8 22. Bb6 Rd7 23. Ne3 Ne7 24. Ng4 Nf5 25. Nxf5 gxf5 26. Nh2 Rc6 27. Be3 Nh6
28. Be2 f4 29. Nf3 Qd8 30. Bd2 Nf5 31. Bf1 e4 32. Nd4 Nxd4 33. cxd4 Rf7 34. g3
fxg3 35. fxg3 Bxd4+ 36. Be3 Bxe3+ 37. Rxe3 Qg5 38. Rde1 Rfc7 39. Qd1 Rc1 40.
Qd2 R7c2 41. Qb4 d4 42. Ra3 Rxe1 43. Qxe1 Rc1 44. Qxe4 Bxh3 45. Qe8+ Kg7 46.
Rf3 Rxf1+ 47. Rxf1 Qxg3+ 48. Kh1 Qg2# 0-1

[Event "Interclubs Féminins"]
[Site "Bennwihr"]
[Date "2011.02.12"]
[Round "2.4"]
[White "Huisman, Chloe"]
[Black "Vinckier, Delphine"]
[Result "1-0"]
[WhiteElo "1992"]
[BlackElo "1830"]
[PlyCount "101"]
[EventDate "2011.02.12"]
[WhiteTeam "Evry Grand Roque"]
[BlackTeam "Tours de Haute Picardie"]

1. f4 d5 2. b3 Nf6 3. Nf3 g6 4. Bb2 Bg7 5. e3 c5 6. Be2 O-O 7. O-O b6 8. Qe1 e6
9. Ne5 Bb7 10. Rf3 Nfd7 11. Nxd7 Bxb2 12. Nxf8 Qxf8 13. Nc3 d4 14. Na4 Bxa1 15.
Qxa1 Na6 16. Bxa6 Bxa6 17. exd4 Qg7 18. Qc3 Qxd4+ 19. Qxd4 cxd4 20. d3 Rc8 21.
Rf2 h5 22. Nb2 b5 23. Kf1 Rc5 24. Ke1 g5 25. Kd2 gxf4 26. Rxf4 Rg5 27. g3 e5
28. Rf6 Bb7 29. a4 Kg7 30. Rd6 Rf5 31. Ke2 Bf3+ 32. Ke1 Bg2 33. axb5 Rf1+ 34.
Ke2 Rc1 35. Kd2 Rh1 36. c4 Rxh2 37. Kc1 Rh1+ 38. Kc2 e4 39. dxe4 Bxe4+ 40. Kd2
Rh2+ 41. Kc1 Rh1+ 42. Nd1 d3 43. c5 Rh2 44. Ne3 Re2 45. Nc4 Rc2+ 46. Kd1 Rg2
47. c6 Rg1+ 48. Kd2 Rg2+ 49. Ke3 Re2+ 50. Kf4 Bg6 51. c7 1-0

[Event "Interclubs Féminins"]
[Site "Bennwihr"]
[Date "2011.02.12"]
[Round "2.1"]
[White "Kientzler-Guerlain, Isabelle"]
[Black "Javakhishvili, Lela"]
[Result "0-1"]
[WhiteElo "2030"]
[BlackElo "2438"]
[PlyCount "92"]
[EventDate "2011.02.12"]
[WhiteTeam "Bennwihr"]
[BlackTeam "Bischwiller"]

1. c4 Nf6 2. Nc3 e6 3. g3 d5 4. cxd5 exd5 5. Bg2 Be7 6. d3 O-O 7. Nf3 d4 8. Nb1
c5 9. Nbd2 Nc6 10. O-O Be6 11. Ng5 Bd5 12. Nge4 Ne8 13. Nb3 b6 14. Ned2 Bxg2
15. Kxg2 Qd5+ 16. Nf3 Nc7 17. Nbd2 Rae8 18. Qb3 Bd8 19. Qxd5 Nxd5 20. Ng1 b5
21. Ne4 Be7 22. Bd2 f5 23. Ng5 c4 24. dxc4 bxc4 25. Ne6 Rf6 26. Nf4 Nb6 27.
Rac1 g5 28. Nfh3 h6 29. Rfd1 Re6 30. f3 Bf6 31. Nf2 Na4 32. Rc2 c3 33. bxc3
dxc3 34. Be1 Nd4 35. Rcc1 Nxe2 36. Nxe2 Rxe2 37. Bxc3 Nxc3 38. Rd6 Bg7 39. Rd7
Rxa2 40. Kf1 Ree2 41. Nd1 Rxh2 42. Kg1 Ne2+ 43. Kxh2 Nxc1+ 44. Kh3 Ne2 45. g4
Nf4+ 46. Kg3 Rg2# 0-1

[Event "Interclubs Féminins"]
[Site "Bennwihr"]
[Date "2011.02.12"]
[Round "2.2"]
[White "Maisuradze, Nino"]
[Black "Hild, Aurelia"]
[Result "1-0"]
[WhiteElo "2272"]
[BlackElo "1590"]
[PlyCount "55"]
[EventDate "2011.02.12"]
[WhiteTeam "Bischwiller"]
[BlackTeam "Bennwihr"]

1. d4 d5 2. c4 c6 3. Nc3 Nf6 4. Bg5 e6 5. e3 Nbd7 6. cxd5 cxd5 7. Bd3 Bd6 8. f4
Be7 9. Nf3 Ng8 10. O-O h6 11. Bxe7 Qxe7 12. Nb5 Nb8 13. Rc1 Nc6 14. Ne5 a6 15.
Qa4 Rb8 16. Rxc6 axb5 17. Qxb5 bxc6 18. Qxb8 Qb7 19. Nxc6 Qxb8 20. Nxb8 Nf6 21.
Bb5+ Ke7 22. Rc1 Ne4 23. Nc6+ Kd6 24. Ne5 Ke7 25. Rc7+ Kd6 26. Ra7 Rf8 27.
Nxf7+ Rxf7 28. Rxf7 1-0

[Event "Interclubs Féminins"]
[Site "Bennwihr"]
[Date "2011.02.12"]
[Round "2.3"]
[White "Mirete, Rita"]
[Black "Bertrand, Helene"]
[Result "1/2-1/2"]
[WhiteElo "1550"]
[BlackElo "1896"]
[PlyCount "68"]
[EventDate "2011.02.12"]
[WhiteTeam "Bennwihr"]
[BlackTeam "Bischwiller"]

1. e4 c5 2. Nc3 Nc6 3. g3 g6 4. Bg2 Bg7 5. d3 d6 6. Be3 e6 7. Nge2 Nge7 8. Qd2
Nd4 9. O-O O-O 10. Nf4 Nec6 11. Rab1 Qa5 12. Rfd1 Bd7 13. a3 Rfc8 14. Nce2 Qa4
15. c3 Nxe2+ 16. Nxe2 b5 17. d4 c4 18. d5 Ne5 19. dxe6 Bxe6 20. Qxd6 Nd3 21.
Bg5 Be5 22. Qe7 Rc7 23. Qxc7 Bxc7 24. e5 Rb8 25. Nd4 Nxe5 26. Bf4 Rd8 27. Re1
Bb6 28. Bxe5 Bxd4 29. Bxd4 Qa6 30. Re5 Rd7 31. Rbe1 Qd6 32. Bh3 Rd8 33. Bxe6
fxe6 34. Rxe6 Qf8 1/2-1/2

[Event "Interclubs Féminins"]
[Site "Bennwihr"]
[Date "2011.02.12"]
[Round "3.1"]
[White "Javakhishvili, Lela"]
[Black "Chulivska, Vita"]
[Result "1/2-1/2"]
[WhiteElo "2438"]
[BlackElo "2223"]
[PlyCount "65"]
[EventDate "2011.02.12"]
[WhiteTeam "Bischwiller"]
[BlackTeam "Vandoeuvre"]

1. d4 Nf6 2. c4 e6 3. Nf3 d5 4. Nc3 Be7 5. Bg5 h6 6. Bh4 O-O 7. e3 b6 8. Be2
Bb7 9. Bxf6 Bxf6 10. cxd5 exd5 11. Qb3 c6 12. O-O Re8 13. Rfe1 Nd7 14. Bf1 Nf8
15. Rad1 Ne6 16. Qa4 c5 17. g3 a6 18. Bg2 b5 19. Qc2 b4 20. Ne2 c4 21. Ne5 a5
22. f4 a4 23. Qd2 Qe7 24. a3 bxa3 25. bxa3 Bxe5 26. fxe5 Qxa3 27. Nc3 Nc7 28.
Ra1 Qe7 29. Rxa4 Rxa4 30. Nxa4 f6 31. exf6 Qxf6 32. Qa5 Rf8 33. Rf1 1/2-1/2

[Event "Interclubs Féminins"]
[Site "Bennwihr"]
[Date "2011.02.12"]
[Round "3.2"]
[White "Congiu, Mathilde"]
[Black "Maisuradze, Nino"]
[Result "0-1"]
[WhiteElo "2242"]
[BlackElo "2272"]
[PlyCount "98"]
[EventDate "2011.02.12"]
[WhiteTeam "Vandoeuvre"]
[BlackTeam "Bischwiller"]

1. d4 d5 2. Bf4 Nf6 3. e3 Bf5 4. Bd3 Bxd3 5. Qxd3 c6 6. Nf3 e6 7. Nbd2 Nbd7 8.
Ne5 Nxe5 9. dxe5 Nd7 10. Bg3 Be7 11. h4 Qb6 12. Rb1 Nc5 13. Qe2 Qa6 14. h5
Qxe2+ 15. Kxe2 b5 16. Bh4 a5 17. f4 a4 18. g4 Bxh4 19. Rxh4 Ke7 20. f5 Nd7 21.
Nf3 h6 22. Kf2 c5 23. c3 f6 24. exf6+ gxf6 25. e4 Ne5 26. fxe6 Nxf3 27. Kxf3 d4
28. cxd4 cxd4 29. Ke2 Kxe6 30. Kd3 Rhd8 31. Rc1 a3 32. Rc6+ Rd6 33. Rxd6+ Kxd6
34. bxa3 Ke5 35. Kc2 Rxa3 36. Rh1 Rxa2+ 37. Kd3 Ra3+ 38. Kd2 Rg3 39. Rf1 Rxg4
40. Rf5+ Ke6 41. Rxb5 Rxe4 42. Kd3 Rg4 43. Rb6+ Ke5 44. Rb5+ Ke6 45. Rb6+ Ke5
46. Rb5+ Kf4 47. Rb6 Kg5 48. Rb5+ f5 49. Rd5 Rf4 0-1

[Event "Interclubs Féminins"]
[Site "Bennwihr"]
[Date "2011.02.12"]
[Round "3.3"]
[White "Bertrand, Helene"]
[Black "Steil-Antoni, Fiona"]
[Result "0-1"]
[WhiteElo "1896"]
[BlackElo "2118"]
[PlyCount "104"]
[EventDate "2011.02.12"]
[WhiteTeam "Bischwiller"]
[BlackTeam "Vandoeuvre"]

1. e4 e5 2. Nf3 Nc6 3. d4 exd4 4. Nxd4 Nf6 5. Nc3 Bb4 6. Nxc6 bxc6 7. Bd3 d6 8.
O-O Ng4 9. Bf4 g5 10. Bg3 h5 11. h3 h4 12. Bh2 Nxh2 13. Kxh2 Bxc3 14. bxc3 Qf6
15. Qd2 Qf4+ 16. Qxf4 gxf4 17. Rab1 Be6 18. a3 Kd7 19. Rb7 Rh5 20. c4 Rc5 21.
Rb4 Ra5 22. Ra1 c5 23. Rb3 Ra4 24. Rc3 Rb8 25. Rb3 Rb6 26. Rc3 Ke7 27. g3 fxg3+
28. fxg3 hxg3+ 29. Kxg3 Kf6 30. h4 Ke5 31. h5 Rb8 32. Kf3 Kd4 33. Rb3 Rh8 34.
Rh1 Bxc4 35. Bxc4 Rxc4 36. Rb7 Rxc2 37. Rxc7 Rc3+ 38. Kf4 Rxa3 39. Rxf7 c4 40.
h6 c3 41. Rc7 Ra2 42. h7 Rf2+ 43. Kg5 c2 44. Rg7 Kxe4 45. Rxa7 d5 46. Kg6 Rg2+
47. Kf6 d4 48. Re7+ Kd3 49. Rc7 Kd2 50. Rg7 Rxg7 51. Kxg7 Rxh7+ 52. Kxh7 c1=Q
0-1